Jan Dantyszek
| Titel: | Jan Dantyszek : portret renesansowego humanisty / Zbigniew Nowak |
|---|---|
| Verfasser: | |
| Ausgabe: | Wyd. 1 |
| Veröffentlicht: | Wrocław [u.a.] : Zakł. Narod. Im. Ossolińskich, 1982 |
| Umfang: | 312 S. : Ill., Kt. |
| Format: | Buch |
| Sprache: | Polnisch |
| RVK-Notation: | |
| ISBN: | 8304010623 |
alg: 10235507
001A $03004:09-01-02
001B $01999:19-05-23 $t21:07:44.000
001C $03004:26-10-10 $t12:23:56.000
001D $03004:09-01-02
001U $0utf8
001X $00
002@ $0Aau
003@ $010235507X
003O $019923346 $aOCoLC
004A $083-04-01062-3
007A $010235507X $aHEB
007T $0Herd23249
010@ $apol
011@ $a1982
013H $0h
021A $aJan Dantyszek $dportret renesansowego humanisty $hZbigniew Nowak
027A/01 $aJohannes Dantiscus. Das Bildnis eines Humanisten aus der Renaissancezeit
028A $#Nowak, Zbigniew Jan $7130289523 $8Nowak, Zbigniew$Z1927-2015 [Tp1] $9160486203
032@ $aWyd. 1
033A $pWrocław {[u.a.] $nZakł. Narod. Im. Ossolińskich
034D $a312 S.
034M $aIll., Kt.
044K $RVadian, Joachim $#Dantiskus, Johannes $#Dantyszec, Joan $#Dantiscus, Johannes $#Dantiscus, Joannes $#Dantiscus, Ioannes $#Dantiscus, Joannes de Curiis $#Dantiscanus, Johannes $#Dantisco, Joannes $#Dantisco, Juan $#Curiis Dantiscus, Joannes de $#Curiis, Johannes de $#Curiis, Johannes a $#Curiis, Joannes de $#Höfen, Johannes von $#Höfen, Johannes von $#Höfer, Johannes von $#Flachsbinder, Johannes von $#Flachsbinder, Johann $#Johannes $#Johannes $#Johannes $#Johannes $#Curiis, Johannes de $#Höfen, Johannes von $7119442086 $8Dantyszek, Jan$Z1485-1548 [Tp1] $9087781808
045F $a370.9438 $eDDC23BSB
045F/01 $a370.9
045F/03 $g438
045G $a929.094382 $eDDC23BSB
045G/01 $a929
045G/03 $g4382
045G/03 $g43832
045Z $8KO 2910 [Tkv] $9409250872
046C $aJohannes Dantiscus. Das Bildnis eines Humanisten aus der Renaissancezeit $bÜbers. des Hauptsacht.
046M $aLiteraturverz. S. 288 - 296
lok: 10235507 24
101B $005-12-02 $t17:56:23.809
101C $009-01-02
145Z/01 $a2 D 73
145Z/02 $a6 8 E 36
145Z/03 $a32 15 A
101U $0utf8
exp: 10235507 24 1 #EPN
201B/01 $017-12-02 $t20:12:46.135
201C/01 $009-01-02
203@/01 $0166459151
208@/01 $a09-01-02 $br
209A/01 $a2 D 75 $du $f050 $h2 D 75 $x00
209C/01 $aK 83.1833 $h83 1833 K
209G/01 $a70545225 $x00
247C/01 $8358050-7 Marburg, Bibliothek des Herder-Instituts Marburg $9102600961
201U/01 $0utf8
lok: 10235507 78
exp: 10235507 78 1 #EPN
201B/01 $021-02-19 $t22:41:37.000
201U/01 $0utf8
203@/01 $0791781976
208@/01 $a12-11-16 $be
209A/01 $a/ $f000 $x00
220C/01 $aTitelaufnehmer: kl
244Z/01 $2Trx $#Prusy Wschodnie i Zachodnie $8--Trx--Ost- und Westpreußen $x01 $939113373X
244Z/01 $#Danzig $#Ville Libre de Danzig $#Dantzig $#Ville Libre de Dantzig $#Freistaat Danzig $#Gdańsk $#Freie Stadt Danzig $#Urząd Miejski w Gdańsku $#Gyddanzyc $#Gedanum $#Dantiscum $74011039-4 $8--Tg1--Danzig $x02 $9085022225
244Z/01 $#Krakau $#Kraków $#Cracovie $#Cracovia $#Cracow $#Krakoi $#Krakov $#Cracov $74073760-3 $8--Tg1--Krakau $x03 $9085207705
244Z/01 $#Culm, Weichsel $#Kulm, Weichsel $#Kulm $#Culm Chełmno $#Kulm Chełmno $#Kreisstadt Kulm $#Stadt Kulm $#Culm i. Westpr. $74070152-9 $8--Tg1--Chełmno $x04 $9085197343
244Z/01 $aGeschichte 1485-1548 $x05
244Z/01 $#Dantiskus, Johannes $#Dantyszec, Joan $#Dantiscus, Johannes $#Dantiscus, Joannes $#Dantiscus, Ioannes $#Dantiscus, Joannes de Curiis $#Dantiscanus, Johannes $#Dantisco, Joannes $#Dantisco, Juan $#Curiis Dantiscus, Joannes de $#Curiis, Johannes de $#Curiis, Johannes a $#Curiis, Joannes de $#Höfen, Johannes von $#Höfen, Johannes von $#Höfer, Johannes von $#Flachsbinder, Johannes von $#Flachsbinder, Johann $#Johannes $#Johannes $#Johannes $#Johannes $#Curiis, Johannes de $#Höfen, Johannes von $7119442086 $8--Tp1--Dantyszek, Jan$Z1485-1548 $x06 $9087781808
244Z/01 $2Trx $#humanistid $#humanistai $#humanists $#humanisták $#humaniści $#humanisti $#humanisté $8--Trx--Humanisten $x07 $9391366424
244Z/01 $2Trx $8--Trx--Monographie $x08 $9391384546
245Z/01 $a12.03 $x01
247C/01 $82080>Marburg/Lahn, Herder-Institut, Forschungsbibliothek, Bibliographieportal $9336309341
| LEADER | 00000cam a2200000 c 4500 | ||
|---|---|---|---|
| 001 | 10235507X | ||
| 003 | DE-603 | ||
| 005 | 20230519210744.0 | ||
| 007 | tu | ||
| 008 | 020109s1982 xx |||| | u00||u|pol c | ||
| 020 | |a 8304010623 | ||
| 035 | |a (DE-599)HEB10235507X | ||
| 035 | |a (OCoLC)19923346 | ||
| 040 | |a DE-603 |b ger |c DE-603 |d DE-603 | ||
| 041 | |a pol | ||
| 082 | 0 | 4 | |8 1\u |a 370.9438 |q DE-101 |2 23/BSB |
| 083 | 0 | |8 2\u |a 929.094382 |q DE-101 |2 23/BSB | |
| 084 | |a KO 2910 |0 (DE-625)80272: |0 (DE-603)409250872 |2 rvk | ||
| 085 | |8 1\u |b 370.9 | ||
| 085 | |8 1\u |z 2 |s 438 | ||
| 085 | |8 2\u |b 929 | ||
| 085 | |8 2\u |z 2 |s 4382 | ||
| 085 | |8 2\u |z 2 |s 43832 | ||
| 100 | 1 | |a Nowak, Zbigniew |d 1927-2015 |0 (DE-603)160486203 |0 (DE-588)130289523 |2 gnd | |
| 245 | 0 | 0 | |a Jan Dantyszek |b portret renesansowego humanisty |c Zbigniew Nowak |
| 246 | 1 | |i Übers. des Hauptsacht. |a Johannes Dantiscus. Das Bildnis eines Humanisten aus der Renaissancezeit | |
| 246 | 1 | 3 | |a Johannes Dantiscus. Das Bildnis eines Humanisten aus der Renaissancezeit |
| 250 | |a Wyd. 1 | ||
| 264 | 1 | |a Wrocław [u.a.] |b Zakł. Narod. Im. Ossolińskich |c 1982 | |
| 300 | |a 312 S. |b Ill., Kt. | ||
| 504 | |a Literaturverz. S. 288 - 296 | ||
| 600 | 1 | 7 | |a Dantyszek, Jan |d 1485-1548 |0 (DE-588)119442086 |0 (DE-603)087781808 |2 gnd |
| 924 | 0 | |9 Mb 50 |a (DE-603)166459151 |b DE-Mb50 |c HES |d c |g 2 D 75 | |
| 924 | 0 | |9 2080 |a (DE-603)791781976 |b DE-2080 |c HES |d d |g / | |


